Marvel Heroes Starting with P (by picture) - Statistics

General Stats
  • This quiz has been taken 69 times
  • The average score is 7 of 12
Answer Stats
Picture Answer % Correct
Professor X
100%
Punisher
100%
Psylocke
87%
Polaris
67%
Phantom Rider
60%
Patriot
58%
Puck
58%
Pixie
50%
Phastos
31%
Phyla-Vell
29%
Prodigy
29%
Persuasion
25%
No matching quizzes found
Score Distribution
Percent of People with Each Score
Percentile by Number Answered
Your Score History
You have not taken this quiz